A VEC model of the Czech and Slovak economies
Dlhodobá štruktúra makroekonometrického modelu pre českú a slovenskú ekonomiku. Dlhodobá štruktúrna modelingová stratégia. Hodnotenie a testovanie makroekonometrického modelu.
Enregistré dans:
| Auteur principal: | |
|---|---|
| Autres auteurs: | , |
| Format: | Chapitre de livre |
| Langue: | anglais |
| Sujets: | |
| Tags: |
Pas de tags, Soyez le premier à ajouter un tag!
|
MARC
| LEADER | 00000nla$a2200000$$$4500 | ||
|---|---|---|---|
| 001 | 0119786 | ||
| 005 | 20240502083311.2 | ||
| 041 | 0 | |a eng | |
| 044 | |a CZ | ||
| 245 | 1 | 0 | |a A VEC model of the Czech and Slovak economies |c Jana Hančlová, Martin Lukáčik, Karol Szomolányi |
| 520 | |a Dlhodobá štruktúra makroekonometrického modelu pre českú a slovenskú ekonomiku. Dlhodobá štruktúrna modelingová stratégia. Hodnotenie a testovanie makroekonometrického modelu. | ||
| 610 | 2 | 0 | |a modely makroekonomické |
| 610 | 2 | 0 | |a modely ekonometrické |
| 610 | 2 | 0 | |a inflácia |
| 610 | 2 | 0 | |a hospodárstvo národné |
| 610 | 2 | 0 | |a Slovensko |
| 610 | 2 | 0 | |a Česko |
| 100 | 1 | |a Hančlová, Jana | |
| 700 | 1 | |a Lukáčik, Martin, 1974- | |
| 700 | 1 | |a Szomolányi, Karol, 1976- | |